| 000 | 00359nam a22001217a 4500 | ||
|---|---|---|---|
| 999 |
_c15236 _d15236 |
||
| 008 | 200306b ||||| |||| 00| 0 eng d | ||
| 100 |
_942029 _aAbalayan, Marianne S. |
||
| 245 | _aUM defends title. | ||
| 260 |
_aDavao City, Philippines; _bSunstar Davao, _c©2019. |
||
| 300 |
_apage 12; _c29.5cm. |
||
| 650 |
_aUniversity of Mindanao. _942030 |
||
| 942 |
_2ddc _cPER |
||